<?xml version="1.0" encoding="UTF-8"?><?xml-stylesheet type="text/xsl" href="static/style.xsl"?><OAI-PMH xmlns="http://www.openarchives.org/OAI/2.0/" xmlns:xsi="http://www.w3.org/2001/XMLSchema-instance" xsi:schemaLocation="http://www.openarchives.org/OAI/2.0/ http://www.openarchives.org/OAI/2.0/OAI-PMH.xsd"><responseDate>2026-06-04T23:55:23Z</responseDate><request verb="GetRecord" identifier="oai:riuma.uma.es:10630/30726" metadataPrefix="marc">https://riuma.uma.es/rest/oai/request</request><GetRecord><record><header><identifier>oai:riuma.uma.es:10630/30726</identifier><datestamp>2026-02-03T10:17:06Z</datestamp><setSpec>com_10630_1685</setSpec><setSpec>col_10630_38084</setSpec></header><metadata><record xmlns="http://www.loc.gov/MARC21/slim" xmlns:dcterms="http://purl.org/dc/terms/" xmlns:doc="http://www.lyncode.com/xoai" xmlns:xsi="http://www.w3.org/2001/XMLSchema-instance" xsi:schemaLocation="http://www.loc.gov/MARC21/slim http://www.loc.gov/standards/marcxml/schema/MARC21slim.xsd">
   <leader>00925njm 22002777a 4500</leader>
   <datafield ind2=" " ind1=" " tag="042">
      <subfield code="a">dc</subfield>
   </datafield>
   <datafield ind2=" " ind1=" " tag="720">
      <subfield code="a">González-Jurado, Deborah</subfield>
      <subfield code="e">author</subfield>
   </datafield>
   <datafield ind2=" " ind1=" " tag="260">
      <subfield code="c">2024</subfield>
   </datafield>
   <datafield ind2=" " ind1=" " tag="520">
      <subfield code="a">El libro que vamos a estudiar comienza con un golpe de efecto en la primera línea. “La mundialización de la información vuelve el mundo pequeñito pero muy peligroso” .  No solamente aquí sino a lo largo de la lectura, puede parecer que el autor se está refiriendo a un estallido de guerra general dentro del mundo capitalista. Aunque las líneas generales que sigue el autor son de las que todos hablan, no deja de parecerme sesgado y comprometido una parte de su pensamiento. Desde las líneas introductorias, el autor confiesa que su trabajo es un encargo del Estado francés (al menos en esto tenemos una orientación ideológica), por iniciativa del secretariado de Estado en los DOM-TOM, antiguos territorios coloniales franceses que perviven en el siglo XXI, como testigos aparentemente anacrónicos de otros tiempos, los siglos XIX y XX.</subfield>
   </datafield>
   <datafield ind1="8" ind2=" " tag="024">
      <subfield code="a">González-Jurado, Deborah (2024) Recensión. Introducción y Capítulo 1 de “La otra mundialización” de Dominique Wolton (2003, París), Editorial Gedisa, S. A., Barcelona 2009</subfield>
   </datafield>
   <datafield ind1="8" ind2=" " tag="024">
      <subfield code="a">https://hdl.handle.net/10630/30726</subfield>
   </datafield>
   <datafield tag="653" ind2=" " ind1=" ">
      <subfield code="a">Sociedad de la información</subfield>
   </datafield>
   <datafield ind2="0" ind1="0" tag="245">
      <subfield code="a">Recensión. Introducción y Capítulo 1 de “La otra mundialización” de Dominique Wolton (2003, París), Editorial Gedisa, S. A., Barcelona 2009</subfield>
   </datafield>
</record>
</metadata></record></GetRecord></OAI-PMH>